000 00941nam a22003137a 4500
003 CHAP
005 20220329140049.0
008 971013s1960 r 00010 d
010 _a46418
011 _a47390
035 _a51532
040 _cCHAP
082 _a630.82
_bY68 v.14-15
100 0 0 _aThomas, John Owen.
_9112844
245 _aArable crops
250 _a6 ed.
260 _aLondon :
_bEvans,
_c1960-61
300 _a2 v.
_b: ilus.
490 _aYoung farmer's club booklet, 14-15
590 _aBATCH-UPD
_b10
_c20130110
_lUCH01
_h1815
590 _aCONVERSION
_b10
_c20130109
_lUCH01
_h1325
650 1 4 _aCultivos.
_930221
650 1 4 _aPlantas forrajeras.
_988943
830 0 _aYoung farmer's club booklet, 14-15
_9123192
901 _aBK
942 _cLIBRO
949 _a630.82 Y68 v.14-15
_bBC
_cBPA
_d-115200
_eBPA
_fv. 14
_h20195
_i51532
_si
949 _a630.82 Y68 v.14-15
_bBC
_cBPA
_d-115201
_eBPA
_fv. 15
_h20196
_i51532
_si
999 _c46418
_d46418